| 000 | 00911cam a22001934a 4500 | ||
|---|---|---|---|
| 005 | 20250605163926.0 | ||
| 008 | 250528s ||||||||||||||||||||||||d | ||
| 035 | _a14548 | ||
| 020 | _a600700657 | ||
| 040 |
_aGR-AtMCL _bgre _dGR-AtMCL _eAACR2 |
||
| 245 | 1 | _aThe Third Force / The Psychology of Abraham Maslow | |
| 260 |
_bGrossman Publishers, _c1970 |
||
| 300 | _a210 | ||
| 520 | _aForeword, Preface, Historical Perspective, The Third Force, The Study of Self-Actualization, The Theory of Basic Needs, Human Potential, Psychological Growth, Third Force Education, Mental Illness, Therapy, Values, Eupsychian Management, The Third Force and Social Reform, The Synergic Society, Mental Health, Crime and Delinquency and Addiction, Education and Personal Potential, Business and Industry, Notes and Bibliography, Index. | ||
| 700 | 1 |
_aGoble Frank G _9256 |
|
| 942 | _cBK | ||
| 999 |
_c173 _d173 |
||